Normal view
MARC view
- Electric networks
Entry Topical Term
001 - CONTROL NUMBER
- control field: 41311
003 - CONTROL NUMBER IDENTIFIER
- control field: NUST
005 - DATE AND TIME OF LATEST TRANSACTION
- control field: 20210314132024.0
008 - FIXED-LENGTH DATA ELEMENTS
- fixed length control field: 210314|| aca||aabn | a|a d
040 ## - CATALOGING SOURCE
- Original cataloging agency: NUST
- Transcribing agency: NUST
150 ## - HEADING--TOPICAL TERM
- Topical term or geographic name entry element: Electric networks
670 ## - SOURCE DATA FOUND
- Source citation: Work cat.: (NUST): Reed, Myril B. 41310, Foundation for electric network theory., 1961.
